Contaminated land planning guidelines (Record no. 69597)

MARC details
000 -LEADER
fixed length control field 01366cam a2200265 4500
001 - CONTROL NUMBER
control field WB3808-14
008 - FIXED-LENGTH DATA ELEMENTS--GENERAL INFORMATION
fixed length control field 020226n2002 000 0 eng u
035 ## - SYSTEM CONTROL NUMBER
System control number (Sirsi) u116855
245 ## - TITLE STATEMENT
Title Contaminated land planning guidelines
260 ## - PUBLICATION, DISTRIBUTION, ETC.
Date of publication, distribution, etc. 2002
490 ## - SERIES STATEMENT
Series statement Planning (for the Natural and Built Environment)
Volume/sequential designation 22 February 2002, 3
490 ## - SERIES STATEMENT
Series statement Urban Environment Today
Volume/sequential designation (141) 21 February 2002, 3(2)
520 ## - SUMMARY, ETC.
Summary, etc. DTLR has launched a consultation paper containing guidelines on developing contaminated land. It is part of government's drive to increase the supply of decontaminated land for regeneration and it will replace the sections of PPG23 that deal with contaminated land. The emphasis is on using the planning process to identify the potential for decontaminating land at an early stage. The consultation period ends 15 May 2002. "Development on land affected by contamination: consultation paper on draft planning technical advice" is available from Brian Freeland; t +44(0)20 7944 3856 or email [email protected]
590 ## - LOCAL NOTE (RLIN)
Local note WB
650 ## - SUBJECT ADDED ENTRY--TOPICAL TERM
Topical term or geographic name entry element CONTAMINATED LAND
650 ## - SUBJECT ADDED ENTRY--TOPICAL TERM
Topical term or geographic name entry element BROWNFIELD SITES
650 ## - SUBJECT ADDED ENTRY--TOPICAL TERM
Topical term or geographic name entry element BROWNFIELD DEVELOPMENT
650 ## - SUBJECT ADDED ENTRY--TOPICAL TERM
Topical term or geographic name entry element LOCAL AUTHORITIES
650 ## - SUBJECT ADDED ENTRY--TOPICAL TERM
Topical term or geographic name entry element PPG23
650 ## - SUBJECT ADDED ENTRY--TOPICAL TERM
Topical term or geographic name entry element PLANNING GUIDANCE
650 ## - SUBJECT ADDED ENTRY--TOPICAL TERM
Topical term or geographic name entry element REGENERATION
650 ## - SUBJECT ADDED ENTRY--TOPICAL TERM
Topical term or geographic name entry element Land use
9 (RLIN) 6251
690 ## - LOCAL SUBJECT ADDED ENTRY--TOPICAL TERM (OCLC, RLIN)
Topical term or geographic name as entry element ENVIRONMENT-CONTAMINATION
942 ## - ADDED ENTRY ELEMENTS (KOHA)
Suppress in OPAC 0
Holdings
Withdrawn status Lost status Source of classification or shelving scheme Damaged status Not for loan Home library Current library Shelving location Date acquired Total Checkouts Full call number Barcode Date last seen Copy number Price effective from Koha item type
    Dewey Decimal Classification     London London News article 26/02/2002   WB3808-14 116855-1001 06/08/2019 1 06/08/2019 News article